Audio production worktext : (Record no. 133835)

MARC details
000 -LEADER
fixed length control field 00767nam a2200253 a 4500
008 - FIXED-LENGTH DATA ELEMENTS--GENERAL INFORMATION
fixed length control field
020 ## - INTERNATIONAL STANDARD BOOK NUMBER
International Standard Book Number 9780240810980 (pbk.)
049 ## - LOCAL HOLDINGS (OCLC)
Holding library MAIN
090 ## - LOCALLY ASSIGNED LC-TYPE CALL NUMBER (OCLC); LOCAL CALL NUMBER (RLIN)
Classification number (OCLC) (R) ; Classification number, CALL (RLIN) (NR) TK6557.5
Local cutter number (OCLC) ; Book number/undivided call number, CALL (RLIN) REE
003 - CONTROL NUMBER IDENTIFIER
control field
005 - DATE AND TIME OF LATEST TRANSACTION
control field 20230123125007.0
040 ## - CATALOGING SOURCE
Transcribing agency NUST
100 1# - MAIN ENTRY--PERSONAL NAME
Personal name Reese, David E.
245 10 - TITLE STATEMENT
Title Audio production worktext :
Remainder of title concepts, techniques, and equipment /
Statement of responsibility, etc. David E. Reese, Lynne S. Gross, Brian Gross.
260 ## - PUBLICATION, DISTRIBUTION, ETC.
Place of publication, distribution, etc. Amsterdam :
Name of publisher, distributor, etc. Elsevier,
Date of publication, distribution, etc. 2009.
300 ## - PHYSICAL DESCRIPTION
Extent 6th edition.
300 ## - PHYSICAL DESCRIPTION
Extent xv, 260 p. :
Other physical details ill. ;
Dimensions 28 cm.
500 ## - GENERAL NOTE
General note Includes index.
650 #1 - SUBJECT ADDED ENTRY--TOPICAL TERM
Topical term or geographic name entry element Digital Technology
Chronological subdivision 2009.
700 ## - ADDED ENTRY--PERSONAL NAME
Personal name Gross, Brian.
700 ## - ADDED ENTRY--PERSONAL NAME
Personal name Gross, S. Lynne.
907 ## - LOCAL DATA ELEMENT G, LDG (RLIN)
a .b10272513
b 08-02-10
c 05-02-10
942 ## - ADDED ENTRY ELEMENTS (KOHA)
Koha item type Ordinary Loan Books
Call number prefix TK6557.5
Call number suffix REE
Holdings
Date last seen Total Checkouts Full call number Barcode Cost, replacement price Price effective from Koha item type Lost status Source of classification or shelving scheme Damaged status Not for loan Collection Withdrawn status Home library Current library Shelving location Date acquired Cost, normal purchase price
01/23/2023   TK6557.5 REE 92004012545 80.00 01/23/2023 BOOKS   LCC     NFIC   MAIN MAIN GEN 01/23/2023 80.00